000 00591nam a22002057a 4500
005 20170124110233.0
010 _aA-248636
020 _c00.00
_a0904681351
035 _aA-248636
037 _bCen Lib/Ret
040 _aDPL
_bEN
082 _a910
_bSMA
100 _aSmart, Ted
_941839
245 _aEngland :
_cby Ted Smart
_ba picture book to remember her by /
260 _aNew York
_bCrescent
_c1978
300 _aVarious pagings. :
_c26cm(Hb)
_bcol. ill.
650 _aEngland -- Pictorial works
_941840
650 _aEngland
_941841
942 _2ddc
_cEN
_h910
_mSMA
999 _c134782
_d134782